Devinez ces 10 mots grâce à leur définition #7 (Mots en E) - Statistiques

Statistiques générales
  • Ce quiz a été pris 27 fois
  • Le résultat moyen est 6 sur 10
Statistiques - réponses
Définition Mot % Correct
Cosmétique liquide servant à souligner d'un trait de pinceau le bord des paupières (n.m.) E{ye}-{liner}
91%
Bois d'un arbre tropical, très noir, d'un grain uni et d'une grande dureté (n.f.) É{bène}
83%
Dégoûter au point de donner envie de vomir (v.) É{cœurer}
78%
Foyer apparent des ébranlements au cours d'un tremblement de terre (n.m.) É{picentre}
74%
Qu'on laisse seul, sans compagnie (adj.) E{sseulé}
70%
Calendrier dont on détache chaque jour une feuille (n.f.) É{phéméride}
61%
Blessure superficielle et sans gravité (n.f.) É{gratignure}
52%
Faire sortir quelqu'un, quelque chose, avec difficulté (v.) E{xtirper}
35%
Activité d'un entrepreneur, d'un dirigeant d'entreprise (n.m.) E{ntrepreneuriat}
13%
Ouverture ménagée à l'avant d'un navire, sur le côté de l'étrave, pour le passage des câbles ou des chaines (n.m.) É{cubier}
4%
Aucun quiz correspondant
Distribution des résultats
% des personnes avec chaque résultat
Percentile par nombre de réponses
Votre historique - résultats
Vous n’avez pas pris ce quiz